BIBLIOTECA

SENCICO

Reglamento de metrados para obras de edificación (Registro nro. 3395)

Detalles MARC
000 -LEADER
fixed length control field 00602nam a2200193Ia 4500
005 - DATE AND TIME OF LATEST TRANSACTION
control field 20251020182613.0
008 - FIXED-LENGTH DATA ELEMENTS--GENERAL INFORMATION
fixed length control field 200515s9999 xx 000 0 und d
082 ## - DEWEY DECIMAL CLASSIFICATION NUMBER
Classification number SC/69.032(094.7)/C22
110 ## - MAIN ENTRY--CORPORATE NAME
Corporate name or jurisdiction name as entry element CAPECO
245 #0 - TITLE STATEMENT
Title Reglamento de metrados para obras de edificación
250 ## - EDITION STATEMENT
Edition statement 6a ed.
260 ## - PUBLICATION, DISTRIBUTION, ETC.
Place of publication, distribution, etc. Lima
260 ## - PUBLICATION, DISTRIBUTION, ETC.
Date of publication, distribution, etc. 1987
300 ## - PHYSICAL DESCRIPTION
Extent 100
520 ## - SUMMARY, ETC.
Summary, etc. Elaborado con el fin de uniformar criterios y procedimientos de metrados en obras de edificación, orientará y facilitará la programación y evaluación de proyectos
650 ## - SUBJECT ADDED ENTRY--TOPICAL TERM
Topical term or geographic name entry element METRADOS
650 ## - SUBJECT ADDED ENTRY--TOPICAL TERM
Topical term or geographic name entry element PUB CAPECO
942 ## - ADDED ENTRY ELEMENTS (KOHA)
Koha item type Libros
Existencias
Fecha de la última vez que lo usaron Pago total Signatura topográfica completa Código de barras Precio efectivo desde Tipo de documento Estado perdido Estado dañado No es para préstamo Retirado Ubicación permanente Ubicación actual Fecha de adquisición
15/05/2020   SC/69.032(094.7)/C22 Bib-Lima15053395 15/05/2020 Libros         Biblioteca Central Lima Biblioteca Central Lima 15/05/2020